00000000nam 2200000zi 4500
0019.880430
003CaOODSP
00520250129113803
006m     o  d f      
007cr |||||||||||
008191009t20192019oncabo  o    f000 0 som d
040 |aCaOODSP|beng|erda|cCaOODSP
043 |an-cn---
0861 |aCi44-18/2019Som-PDF|zCi44-18/2019So-PDF
24500|a[Government-Assisted Refugee Program] : |b[refugee resettlement in Canada].
250 |a[Somali edition].
264 1|a[Ottawa] : |bImmigration, Refugees and Citizenship Canada = Immigration, réfugiés et citoyenneté Canada, |c[2019]
264 4|c©2019
300 |a1 online resource (13 pages) : |billustrations, map, photographs
336 |atext|btxt|2rdacontent
337 |acomputer|bc|2rdamedia
338 |aonline resource|bcr|2rdacarrier
500 |aCaption title.
500 |aAt head of title: GAR.
500 |aEnglish title supplied by the publisher.
500 |aIssued also in English under title: Government-Assisted Refugee Program: refugee resettlement in Canada.
520 |a"[Important Information - You want to come to Canada and your application has received an initial review by Canadian officials. Now you are wondering what will happen next. Your selection as an eligible refugee is an important step in the resettlement process. But it is not the last step. This is information about the next steps in the process, and about Canada]"--Page [1].
546 |aText in Somali.
650 0|aRefugees|xServices for|zCanada.
650 0|aAssisted emigration|zCanada.
7101 |aCanada. |bImmigration, Refugees and Citizenship Canada.
77508|tGovernment-Assisted Refugee Program : |w(CaOODSP)9.880386
792 |t[Programme des réfugiés pris en charge par le gouvernement] : |efre|w(CaOODSP)9.880474
795 |t[Government-assisted refugee resettlement in Canada |b2013|w(CaOODSP)9.822262
85640|qPDF|s995 KB|uhttps://publications.gc.ca/collections/collection_2020/ircc/Ci44-18-2019-som.pdf
986 |a2627-11-2019
020 |a9780660328751